| 000 | 01499nam1a2200277 i 4500 | ||
|---|---|---|---|
| 001 | RU\NLR\bibl\1797112 | ||
| 005 | 20260406111615.0 | ||
| 035 | _a(NLR Aleph) 001787793 | ||
| 090 |
_a1738102 _c1738102 |
||
| 100 | _a20110811g20109999u y0rusy50 ca | ||
| 101 | 0 | _arus | |
| 102 | _aRU | ||
| 105 | _a||||z ||||| | ||
| 200 | 1 |
_aОрганизация экономической работы в коммерческом банке _eучебное пособие _fВ.Ф. Галанжа, Г.С. Мерзликина _gФедер. агентство по образованию, Волгоград. гос. техн. ун-т |
|
| 210 |
_aВолгоград _cВолгоградский государственный технический университет _d2010 |
||
| 215 | _d20 | ||
| 463 | 0 | _10011680792 | |
| 606 | 1 |
_aКоммерческие банки _jУчебные издания для высших учебных заведений _xЭкономическая эффективность _yРоссийская Федерация _92095971 _3RU\NLR\auth\661268157 |
|
| 686 | _aУ26(2)210.1я73 | ||
| 700 | 1 |
_aГаланжа _bВ. Ф. _gВиталий Федорович _4070 |
|
| 701 | 1 |
_4070 _7ca _8rus _aМерзликина _bГ. С. _cд-р экон. наук _f1954- _gГалина Степановна _9105494 _3RU\NLR\auth\77122569 |
|
| 801 | 0 |
_aRU _bNLR _c20110811 _gRCR |
|
| 801 | 1 |
_aRU _bNLR _c20110811 |
|
| 852 |
_aNLR _j2010-4/12012 |
||
| 942 | _cBOOK | ||